000 00854nam a2200229Ia 4500
003 Ost
005 20260507075004.0
008 260507s9999||||xx |||||||||||||| ||und||
020 _a9772/20569
040 _cfsecg
041 _aara
082 _a332.1
100 _aمجيد، ضياء
_eمؤلف
245 0 _aالاقتصاد النقدي :
_bالمؤسسة النقدية-البنوك التجارية-البنوك المركزية /
_c ضياء مجيد
260 _aالاسكندرية:
_bمؤسسة شباب الجامعة,
_c2008
300 _a349 صفحة؛
_c24 سم
520 _aيضم الاقتصاد النقدي، المؤسسة النقدية، البنوك التجارية، البنوك المركزية
653 _aالبنوك
653 _aالبنوك التجارية
653 _aالنقود
942 _cكتاب
999 _c42103
_d42103